zpět

Detail výsledku týmu

Bar U Souseda, Plzeň

Datum a čas kvízu

21.5 Celkem bodů Celkový počet nahraných bodů na tomto kvízu bez doplňovacích otázek.
6. Pořadí na kvízu Konečné umístění týmu na tomto kvízu.

Zaznamenané odpovědi

# Otázka Odpověď Body Výsledky
1. Dopravní podnik hlavního města... o bezkontaktní platební terminály 0
2. Do boje o Bílý dům se minulý t... Joe Biden 0
3. Vzácná kytara, kterou si zakou... George Harrison 0
4. Filipínský prezident Rodrigo D... Kanada 0
5. Olomoucké hráčky ve třetím fin... o volejbale 0
6. Na obrázku vidíme jedno z nejs... Frísko 1
7. Jak se jmenuje bývalá nizozems... Beatrix 0
8. Nizozemsko se může pyšnit slav... Hieronymus Bosch 1
9. V nizozemském Haagu sídlí jist... Shell 0
10. Mezi nejoblíbenější sporty v N... PSV Eindhoven 0